[Event "MSU Cup"]
[Site "Moscow"]
[Date "2024.04.22"]
[Round "2.16"]
[White "Sideifzade, Fikret"]
[Black "Bayrambayeva, Ogulsuray"]
[Result "1-0"]
[WhiteElo "2361"]
[BlackElo "1848"]
[PlyCount "87"]
[EventDate "2024.04.22"]
[EventType "team-tourn"]
[EventRounds "9"]
[EventCountry "RUS"]
[SourceTitle "CB18_2024"]
[SourceDate "2024.05.01"]
[SourceVersion "1"]
[SourceVersionDate "2024.05.01"]
[SourceQuality "2"]
[WhiteTeam "Azerbaijan"]
[BlackTeam "Turkmenistan"]
[WhiteTeamCountry "AZE"]
[BlackTeamCountry "TKM"]

1. d4 Nf6 2. c4 e6 3. Nc3 d5 4. Bg5 Nbd7 5. Nf3 c6 6. e3 Be7 7. Bd3 dxc4 8. Bxc4 b5 9. Bd3 Bb7 10. Rc1 a6 11. e4 c5 12. e5 Nd5 13. Bxe7 Qxe7 14. Ne4 0-0 15. dxc5 Nf4 16. 0-0 Nxd3 17. Qxd3 Bxe4 18. Qxe4 Nxc5 19. Qc2 Na4 20. Rfd1 Nb6 21. Nd4 Nc4 22. Qe2 Rac8 23. b3 Nb6 24. g3 Nd5 25. Qd2 h6 26. Rc2 b4 27. Nc6 Qb7 28. Rdc1 Rxc6 29. Rxc6 Nc3 30. R6xc3 bxc3 31. Qxc3 Qb5 32. a4 Qd5 33. b4 Rb8 34. h4 g6 35. Qb2 Qe4 36. Rb1 h5 37. b5 Qxa4 38. b6 Rb7 39. Qc3 Qe4 40. Rb4 Qd5 41. Rd4 Qa2 42. Qc8+ Kg7 43. Rd8 Qb1+ 44. Kh2 1-0

[Event "MSU Interuniversity Cup"]
[Site "Moscow RUS"]
[Date "2023.05.17"]
[Round "7.3"]
[White "Sideifzade, Fikret"]
[Black "Shihaliev, Orazali"]
[Result "1-0"]
[WhiteElo "2382"]
[BlackElo "1854"]
[PlyCount "95"]
[EventDate "2023.05.15"]
[EventType "team (rapid)"]
[EventRounds "9"]
[EventCountry "RUS"]
[SourceTitle "CBM 214 Extra"]
[Source "ChessBase"]
[SourceDate "2023.07.31"]
[SourceVersion "1"]
[SourceVersionDate "2023.07.31"]
[SourceQuality "1"]
[WhiteTeam "Azerbaijan"]
[BlackTeam "Turkmenistan"]
[WhiteTeamCountry "AZE"]
[BlackTeamCountry "TKM"]

1. d4 Nf6 2. c4 g6 3. Nc3 d5 4. Nf3 Bg7 5. Bg5 dxc4 6. e3 c5 7. Bxc4 cxd4 8. exd4 0-0 9. 0-0 Nc6 10. h3 Na5 11. Bd3 Be6 12. Qe2 Rc8 13. Rfe1 Re8 14. Rad1 Bc4 15. Bxc4 Nxc4 16. Ne5 Nd6 17. d5 Qa5 18. Rd4 Nfe4 19. Rxe4 Nxe4 20. Qxe4 f6 21. Nf3 fxg5 22. Qe6+ Kh8 23. d6 exd6 24. Qxe8+ Rxe8 25. Rxe8+ Bf8 26. Rxf8+ Kg7 27. Re8 Qb4 28. Re2 h6 29. a3 Qb3 30. Rd2 Kf7 31. Nd4 Qb6 32. Ndb5 h5 33. Rxd6 Qc5 34. Rd7+ Kg8 35. Nd6 g4 36. Nde4 Qf5 37. hxg4 hxg4 38. Nd5 Kf8 39. Ndf6 Qf4 40. g3 Qc1+ 41. Kg2 Qc6 42. Rd6 Qc2 43. b4 Qc1 44. b5 Qxa3 45. Rd7 Qf3+ 46. Kg1 a5 47. Ng5 Qb3 48. Ngh7# 1-0

[Event "Wch Seniors 65 30th"]
[Site "Assisi"]
[Date "2022.11.26"]
[Round "11"]
[White "Petran, Peter"]
[Black "Sideifzade, Fikret"]
[Result "0-1"]
[WhiteElo "2213"]
[BlackElo "2391"]
[PlyCount "98"]
[EventDate "2022.11.15"]
[EventType "swiss"]
[EventRounds "11"]
[EventCountry "ITA"]
[SourceTitle "CBM 211 Extra"]
[Source "ChessBase"]
[SourceDate "2023.01.31"]
[SourceVersion "1"]
[SourceVersionDate "2023.01.31"]
[SourceQuality "1"]

1. g3 Nf6 2. Bg2 d5 3. d3 c6 4. Nf3 Bf5 5. b3 e6 6. Bb2 Be7 7. Nbd2 0-0 8. Nh4 Bg4 9. h3 Bh5 10. g4 Nfd7 11. Nhf3 Bg6 12. e4 a5 13. a4 Na6 14. 0-0 Nb4 15. Re1 b5 16. Ne5 Nxe5 17. Bxe5 Bf6 18. Bxf6 Qxf6 19. e5 Qe7 20. Nf3 Rfc8 21. Re2 bxa4 22. Rxa4 c5 23. Ne1 h5 24. f4 hxg4 25. hxg4 Ra7 26. Rf2 c4 27. f5 Bh7 28. d4 cxb3 29. cxb3 Qg5 30. Qf3 Rc1 31. Rf1 exf5 32. gxf5 Qd2 33. Rxb4 axb4 34. Qxd5 Qe3+ 35. Kh2 Qh6+ 36. Kg1 Bxf5 37. Qf3 g6 38. Qf2 Rd1 39. d5 Re7 40. Qg3 Qd2 41. Kh2 Qc3 42. Nf3 Rxd5 43. Qh4 Red7 44. Re1 Rd4 45. Nxd4 Rxd4 46. Qf2 Rd2 47. Re2 Rxe2 48. Qxe2 Qxb3 49. Qd2 Qc4 0-1

[Event "Wch Seniors 65 30th"]
[Site "Assisi"]
[Date "2022.11.17"]
[Round "3"]
[White "Chan, Peng Kong"]
[Black "Sideifzade, Fikret"]
[Result "0-1"]
[WhiteElo "2149"]
[BlackElo "2391"]
[PlyCount "110"]
[EventDate "2022.11.15"]
[EventType "swiss"]
[EventRounds "11"]
[EventCountry "ITA"]
[SourceTitle "CBM 211 Extra"]
[Source "ChessBase"]
[SourceDate "2023.01.31"]
[SourceVersion "1"]
[SourceVersionDate "2023.01.31"]
[SourceQuality "1"]

1. c4 c5 2. g3 Nc6 3. Bg2 g6 4. Nc3 Bg7 5. d3 e6 6. e4 Nge7 7. Nge2 0-0 8. 0-0 d6 9. a3 b6 10. Rb1 Bb7 11. b4 Nd4 12. Be3 Qd7 13. Qd2 Rac8 14. Rfc1 f5 15. Bxd4 cxd4 16. Nd1 e5 17. Bh3 Qe8 18. f3 h5 19. Nf2 Kh7 20. Rf1 Bh6 21. f4 b5 22. cxb5 Qxb5 23. Rfc1 Qb6 24. Bg2 fxe4 25. Nxe4 Rxc1+ 26. Rxc1 Nd5 27. Qb2 exf4 28. gxf4 Nc3 29. N2xc3 dxc3+ 30. Qf2 Bxe4 31. Qxb6 axb6 32. Bxe4 Rc8 33. Rc2 Bxf4 34. a4 Bd2 35. a5 bxa5 36. bxa5 d5 37. Bxd5 Rc5 38. Be4 Rxa5 39. Kf2 Kh6 40. d4 Ra4 41. Kf3 g5 42. h3 Rxd4 43. Bc6 Rd3+ 44. Kg2 Bf4 45. Bf3 Be5 46. Re2 Bf4 47. Ra2 g4 48. hxg4 hxg4 49. Be4 Rd4 50. Bf5 Kg5 51. Bh7 Kh4 52. Rc2 Be5 53. Bg6 Rd1 54. Bh7 Bd4 55. Kh2 Rg1 0-1

[Event "Wch Seniors 65 30th"]
[Site "Assisi"]
[Date "2022.11.15"]
[Round "1"]
[White "Orpinas Konig, Claudio Javier"]
[Black "Sideifzade, Fikret"]
[Result "0-1"]
[WhiteElo "1966"]
[BlackElo "2391"]
[PlyCount "46"]
[EventDate "2022.11.15"]
[EventType "swiss"]
[EventRounds "11"]
[EventCountry "ITA"]
[SourceTitle "CBM 211 Extra"]
[Source "ChessBase"]
[SourceDate "2023.01.31"]
[SourceVersion "1"]
[SourceVersionDate "2023.01.31"]
[SourceQuality "1"]

1. d4 Nf6 2. c4 g6 3. Nc3 d5 4. Qb3 dxc4 5. Qxc4 Bg7 6. e4 0-0 7. Nf3 a6 8. a4 b5 9. Qb3 c5 10. d5 b4 11. e5 bxc3 12. exf6 Bxf6 13. bxc3 Nd7 14. a5 Rb8 15. Qa3 Ne5 16. Nxe5 Bxe5 17. Bh6 Qxd5 18. Rd1 Qe4+ 19. Be3 Be6 20. c4 Rfd8 21. Rxd8+ Rxd8 22. f3 Qc2 23. Be2 Bxc4 0-1

[Event "Julfa Salvation Day"]
[Site "Julfa"]
[Date "2016.06.16"]
[Round "4"]
[White "Sideifzade, Fikret"]
[Black "Kurilin, Alexander"]
[Result "1/2-1/2"]
[WhiteElo "2380"]
[BlackElo "2283"]
[PlyCount "53"]
[EventDate "2016.06.14"]
[EventType "tourn"]
[EventRounds "9"]
[EventCountry "AZE"]
[EventCategory "6"]
[SourceTitle "EXT 2017"]
[Source "ChessBase"]
[SourceDate "2016.10.25"]
[SourceVersion "1"]
[SourceVersionDate "2016.10.25"]
[SourceQuality "1"]

1. d4 Nf6 2. c4 e6 3. Nc3 Bb4 4. e3 d5 5. Nf3 c5 6. a3 Bxc3+ 7. bxc3 0-0 8. cxd5 exd5 9. Bd3 b6 10. 0-0 Ba6 11. a4 Bxd3 12. Qxd3 Nbd7 13. Ba3 Re8 14. c4 dxc4 15. Qxc4 cxd4 16. Qxd4 Rc8 17. Rfc1 Re4 18. Qd1 Rec4 19. h3 Rxc1 20. Rxc1 Rxc1 21. Qxc1 h6 22. Nd4 Ne5 23. Qc2 Qd5 24. Qc8+ Kh7 25. Qf5+ Kg8 26. Qc8+ Kh7 27. Qf5+ 1/2-1/2

[Event "Moscow Aeroflot op-B"]
[Site "Moscow"]
[Date "2005.02.23"]
[Round "9"]
[White "Kanep, Meelis"]
[Black "Sideifzade, Fikret"]
[Result "1-0"]
[WhiteElo "2476"]
[BlackElo "2412"]
[PlyCount "93"]
[EventDate "2005.02.15"]
[EventType "swiss"]
[EventRounds "9"]
[EventCountry "RUS"]
[SourceTitle "EXT 2006"]
[Source "ChessBase"]
[SourceDate "2005.11.24"]
[SourceVersion "1"]
[SourceVersionDate "2005.11.24"]
[SourceQuality "1"]

1. d4 Nf6 2. Bg5 Ne4 3. Bf4 d5 4. f3 Nf6 5. e4 e6 6. e5 Nfd7 7. Be3 c5 8. c3 Qb6 9. Qd2 Nc6 10. f4 f5 11. Nf3 Be7 12. Bd3 Nf8 13. 0-0 Bd7 14. dxc5 Bxc5 15. Bxc5 Qxc5+ 16. Kh1 Ng6 17. Na3 0-0 18. Nc2 Nge7 19. b4 Qb6 20. a4 Qc7 21. Rg1 Rac8 22. Rac1 Nd8 23. Ncd4 Bxa4 24. g4 Be8 25. gxf5 Nxf5 26. Bxf5 exf5 27. Nh4 Qd7 28. Rg3 Ne6 29. Nhxf5 Bg6 30. Nxe6 Qxe6 31. Nd4 Be4+ 32. Kg1 Qh6 33. Rf1 a6 34. Qe3 Rce8 35. Rg5 Qb6 36. Rxg7+ Kh8 37. Rg3 Qh6 38. Rf2 Rg8 39. Kf1 Qh5 40. Ke1 Rxg3 41. Qxg3 Rg8 42. Qe3 Qg4 43. Ne2 Qd7 44. Ng3 Bf5 45. Qd4 Qe6 46. Rd2 Rg4 47. Qxd5 1-0

[Event "Moscow Aeroflot op-B"]
[Site "Moscow"]
[Date "2004.02.23"]
[Round "7"]
[White "Sideifzade, Fikret"]
[Black "Averjanov, Alexey"]
[Result "1-0"]
[WhiteElo "2430"]
[BlackElo "2398"]
[PlyCount "117"]
[EventDate "2004.02.17"]
[EventType "swiss"]
[EventRounds "9"]
[EventCountry "RUS"]
[SourceTitle "EXT 2005"]
[Source "ChessBase"]
[SourceDate "2004.11.15"]
[SourceVersion "1"]
[SourceVersionDate "2004.11.15"]
[SourceQuality "1"]

1. d4 Nf6 2. Bg5 e6 3. e4 h6 4. Bxf6 Qxf6 5. Nc3 d6 6. Qd2 g6 7. 0-0-0 Bg7 8. e5 Qe7 9. f4 dxe5 10. dxe5 Nc6 11. Nf3 Bd7 12. Ne4 0-0-0 13. Bc4 Kb8 14. a3 Bc8 15. Qc3 Rxd1+ 16. Rxd1 Rd8 17. Re1 Qf8 18. g3 Ne7 19. Qb3 b6 20. Qa4 Qe8 21. Bb5 Bd7 22. Bxd7 Qxd7 23. Qxd7 Rxd7 24. c3 Kb7 25. Kc2 Nc6 26. b4 a6 27. h3 Ne7 28. c4 Nc6 29. Kc3 Bf8 30. g4 Rd8 31. h4 a5 32. b5 Nb8 33. Ra1 Nd7 34. Nd4 Nc5 35. Nxc5+ Bxc5 36. Nc6 Rd7 37. a4 Bb4+ 38. Nxb4 axb4+ 39. Kxb4 Rd4 40. Rf1 Re4 41. h5 gxh5 42. gxh5 Kc8 43. Kc3 Re3+ 44. Kd4 Rh3 45. c5 bxc5+ 46. Kxc5 Rxh5 47. Rg1 Rh2 48. Rg7 h5 49. a5 Rc2+ 50. Kb4 Rb2+ 51. Kc4 Ra2 52. a6 Kb8 53. Rxf7 h4 54. Kb3 Ra1 55. Rh7 Rh1 56. f5 exf5 57. e6 Re1 58. b6 Rxe6 59. Rh8+ 1-0

[Event "Saraybahce GP"]
[Site "Kocaeli"]
[Date "2002.08.24"]
[Round "8"]
[White "Sideifzade, Fikret"]
[Black "Gelashvili, Tamaz"]
[Result "1/2-1/2"]
[WhiteElo "2416"]
[BlackElo "2551"]
[PlyCount "119"]
[EventDate "2002.08.17"]
[EventType "swiss"]
[EventRounds "9"]
[EventCountry "TUR"]
[SourceTitle "CBM 089 Extra"]
[Source "ChessBase"]
[SourceDate "2002.09.10"]
[SourceVersion "2"]
[SourceVersionDate "2002.09.10"]
[SourceQuality "1"]

1. d4 g6 2. Nf3 Bg7 3. e4 d6 4. Bc4 Nf6 5. Qe2 0-0 6. 0-0 c6 7. Bb3 d5 8. e5 Ne8 9. c4 dxc4 10. Bxc4 Nc7 11. Nc3 Nba6 12. Bg5 Be6 13. b3 h6 14. Be3 Nb4 15. Ne4 Nbd5 16. Nc5 Bc8 17. Rac1 Ne6 18. Ne4 a5 19. a3 Nec7 20. Rfd1 Bf5 21. Ng3 Be6 22. Nd2 Qd7 23. h3 Nb5 24. Nb1 a4 25. Ne4 b6 26. b4 f5 27. exf6 exf6 28. Bxb5 cxb5 29. Nec3 Nxe3 30. Qxe3 Bb3 31. Re1 f5 32. d5 Rf6 33. Qd3 Bc4 34. Qg3 Rd6 35. Nd2 Rd8 36. Nxc4 bxc4 37. b5 Bxc3 38. Qxc3 Rxd5 39. Qxc4 Qxb5 40. Qh4 Qd7 41. Qxh6 Rd6 42. g3 Qf7 43. Qg5 Re8 44. h4 Rxe1+ 45. Rxe1 Rd7 46. Rc1 Kh7 47. Rc6 Rd1+ 48. Kh2 Rh1+ 49. Kxh1 Qd5+ 50. Kh2 Qxc6 51. h5 gxh5 52. Qxf5+ Kh6 53. f4 b5 54. Qf8+ Kg6 55. Qg8+ Kh6 56. Qg5+ Kh7 57. f5 Qc2+ 58. Kh3 Qe2 59. Qg6+ Kh8 60. Qh6+ 1/2-1/2

[Event "Saraybahce GP"]
[Site "Kocaeli"]
[Date "2002.08.19"]
[Round "3"]
[White "Sideifzade, Fikret"]
[Black "Moiseenko, Alexander"]
[Result "0-1"]
[WhiteElo "2416"]
[BlackElo "2578"]
[PlyCount "84"]
[EventDate "2002.08.17"]
[EventType "swiss"]
[EventRounds "9"]
[EventCountry "TUR"]
[SourceTitle "CBM 089 Extra"]
[Source "ChessBase"]
[SourceDate "2002.09.10"]
[SourceVersion "2"]
[SourceVersionDate "2002.09.10"]
[SourceQuality "1"]

1. c4 c5 2. Nc3 g6 3. g3 Bg7 4. Bg2 Nc6 5. e4 e6 6. Nge2 Nge7 7. d3 0-0 8. 0-0 d6 9. Rb1 b6 10. Be3 Nd4 11. e5 Rb8 12. exd6 Nef5 13. Bxd4 cxd4 14. Ne4 Nxd6 15. Nxd6 Qxd6 16. b4 Bb7 17. Qa4 b5 18. cxb5 Bxg2 19. Kxg2 Qd5+ 20. Kg1 Rxb5 21. Qxa7 Ra8 22. Qc7 Rxa2 23. Nf4 Qa8 24. Qc4 Rb8 25. Rfc1 Ra4 26. Ne2 e5 27. Rc2 Qb7 28. f4 e4 29. Nc1 Ra3 30. b5 Rc3 31. Rxc3 dxc3 32. Qxe4 Qxe4 33. dxe4 c2 34. Rb3 Ra8 35. Kf2 Ra1 36. Ne2 Bd4+ 37. Kf3 Re1 38. b6 Rxe2 39. b7 Rf2+ 40. Kg4 c1Q 41. b8Q+ Kg7 42. Rb1 Qc2 0-1

[Event "EU-chT (Men) 11th"]
[Site "Pula"]
[Date "1997.05.??"]
[Round "8.4"]
[White "Hurley, John"]
[Black "Sideifzade, Fikret"]
[Result "0-1"]
[WhiteElo "2195"]
[BlackElo "2435"]
[PlyCount "64"]
[EventDate "1997.05.05"]
[EventType "team-swiss"]
[EventRounds "9"]
[EventCountry "CRO"]
[SourceTitle "CBM 057 Extra"]
[Source "ChessBase"]
[SourceDate "1997.05.01"]
[SourceVersion "1"]
[SourceVersionDate "1997.05.01"]
[SourceQuality "1"]
[WhiteTeam "Ireland"]
[BlackTeam "Azerbaijan"]
[WhiteTeamCountry "IRL"]
[BlackTeamCountry "AZE"]

1. e4 c5 2. Nf3 e6 3. d4 cxd4 4. Nxd4 Nc6 5. Nc3 Qc7 6. Be3 a6 7. f4 b5 8. Nxc6 Qxc6 9. Be2 Bb7 10. Bf3 Rc8 11. e5 Qc7 12. 0-0 Ne7 13. Rc1 Nf5 14. Bf2 Bc5 15. Bxb7 Qxb7 16. Bxc5 Rxc5 17. Qf3 Qxf3 18. Rxf3 Ke7 19. Rd3 h5 20. Rcd1 Rd8 21. R1d2 d5 22. Ne2 a5 23. Nd4 Nxd4 24. Rxd4 b4 25. a3 bxa3 26. bxa3 Rb8 27. Ra4 Rb2 28. Kf1 g6 29. Kf2 Rbxc2 30. Rxc2 Rxc2+ 31. Kf3 Rc5 32. g3 Kd7 0-1

[Event "AZE-ch"]
[Site "Baku"]
[Date "1997.??.??"]
[Round "?"]
[White "Mirzoev, Azer"]
[Black "Sideifzade, Fikret"]
[Result "1/2-1/2"]
[WhiteElo "2430"]
[BlackElo "2435"]
[PlyCount "99"]
[EventDate "1997.??.??"]
[EventType "tourn"]
[EventRounds "10"]
[EventCountry "AZE"]
[SourceTitle "EXT 2000"]
[Source "ChessBase"]
[SourceDate "1999.11.16"]
[SourceVersion "1"]
[SourceVersionDate "1999.11.16"]
[SourceQuality "1"]

1. d4 Nf6 2. c4 g6 3. Nc3 d5 4. Nf3 Bg7 5. Qb3 dxc4 6. Qxc4 0-0 7. e4 a6 8. e5 b5 9. Qb3 Nfd7 10. e6 fxe6 11. Qxe6+ Kh8 12. Ng5 c5 13. dxc5 Nxc5 14. Nf7+ Rxf7 15. Qxf7 Nc6 16. Be3 Be6 17. Qf4 Be5 18. Qf3 Nb4 19. Qd1 Ncd3+ 20. Bxd3 Nxd3+ 21. Kf1 Nxb2 22. Qxd8+ Rxd8 23. Ne4 Bc4+ 24. Kg1 Nd1 25. Bb6 Rd5 26. Rc1 Kg7 27. f3 Bxa2 28. g3 b4 29. Kg2 Nc3 30. Rhe1 Nxe4 31. Rxe4 Bd6 32. Bc7 b3 33. Bxd6 Rd2+ 34. Kh3 exd6 35. Rc7+ Kf6 36. Ra4 b2 37. Rxa2 b1Q 38. Rxd2 Qf1+ 39. Kg4 h5+ 40. Kf4 g5+ 41. Ke3 Qe1+ 42. Kd3 Qb1+ 43. Ke2 Qb5+ 44. Rd3 a5 45. Rc2 Ke6 46. Rcd2 a4 47. Kf2 d5 48. Kg2 Ke5 49. Re3+ Kd6 50. Ra3 1/2-1/2